Pięć pierwszych alfabetycznie państw z każdego kontynentu - Statystyki

Ogólne statystyki
  • Ten quiz został rozwiązany 59 razy
  • Średni wynik to 22 z 30
Statystyki odpowiedzi
Kontynent Państwo % Poprawnych
Oceania Australia
96%
Europa Albania
93%
Europa Andora
93%
Ameryka Południowa Argentyna
91%
Ameryka Południowa Brazylia
91%
Europa Belgia
89%
Afryka Algieria
83%
Ameryka Południowa Chile
83%
Azja Afganistan
80%
Azja Arabia Saudyjska
80%
Europa Austria
80%
Europa Białoruś
80%
Azja Azerbejdżan
78%
Ameryka Południowa Boliwia
78%
Ameryka Północna Antigua i Barbuda
72%
Azja Armenia
72%
Afryka Angola
67%
Ameryka Północna Dominika
67%
Ameryka Południowa Ekwador
67%
Ameryka Północna Barbados
65%
Ameryka Północna Bahamy
63%
Ameryka Północna Belize
63%
Oceania Fidżi
59%
Afryka Benin
57%
Afryka Botswana
57%
Azja Bahrajn
52%
Afryka Burkina Faso
52%
Oceania Nauru
50%
Oceania Kiribati
48%
Oceania Mikronezja
46%
Nie znaleziono quizów pasujących do podanych kryteriów
Rozkład punktacji
Procent ludzi z każdym wynikiem
Percentyl według liczby udzielonych odpowiedzi
Twoja historia wyników
Nie rozwiązałeś tego quizu